| 000 | 04694cam a2201057 a 4500 | ||
|---|---|---|---|
| 020 | _a156424055X | ||
| 082 | 0 | 0 |
_a624.1821 _bAME |
| 110 | 2 |
_aAmerican Institute of Steel Construction. _920072 |
|
| 245 | 1 | 0 |
_aSteel construction manual. _bAmerican Institute of Steel Construction INC. _cAmerican Institute of Steel Construction. |
| 250 | _a13th ed. | ||
| 260 |
_a[Chicago, Ill.] : _bAmerican Institute of Steel Construction, _cc2005 |
||
| 300 |
_a1 v. (various pagings) : _bill. ; _c24 cm. |
||
| 500 | _a"With this revision, the previously separate Allowable stress design and Load and resistance factor design methods have been combined. Thus this manual replaces both the 9th edition ASD Manual and the 3rd edition LRFD manual. Much of the HSS connections manual has also been incorporated and updated in this manual" | ||
| 500 | _aCopy 2 is c2005, 1st printing. | ||
| 500 | _aOriginally published in 1926 [i.e. 1927] under title: Steel construction; title of 8th ed.: Manual of steel construction. | ||
| 526 |
_a0 _b0 _c0 _d624_182100000000000_AME |
||
| 526 |
_a0 _b0 _c0 _d624_182100000000000_AME |
||
| 526 |
_a0 _b0 _c0 _d624_182100000000000_AME |
||
| 526 |
_a0 _b0 _c0 _d624_182100000000000_AME |
||
| 526 |
_a0 _b0 _c0 _d624_182100000000000_AME |
||
| 526 |
_a0 _b0 _c0 _d624_182100000000000_AME |
||
| 526 |
_a0 _b0 _c0 _d624_182100000000000_AME |
||
| 526 |
_a0 _b0 _c0 _d624_182100000000000_AME |
||
| 526 |
_a0 _b0 _c0 _d624_182100000000000_AME |
||
| 526 |
_a0 _b0 _c0 _d624_182100000000000_AME |
||
| 526 |
_a0 _b0 _c0 _d624_182100000000000_AME |
||
| 526 |
_a0 _b0 _c0 _d624_182100000000000_AME |
||
| 526 |
_a0 _b0 _c0 _d624_182100000000000_AME |
||
| 526 |
_a0 _b0 _c0 _d624_182100000000000_AME |
||
| 526 |
_a0 _b0 _c0 _d624_182100000000000_AME |
||
| 526 |
_a0 _b0 _c0 _d624_182100000000000_AME |
||
| 526 |
_a0 _b0 _c0 _d624_182100000000000_AME |
||
| 526 |
_a0 _b0 _c0 _d624_182100000000000_AME |
||
| 526 |
_a0 _b0 _c0 _d624_182100000000000_AME |
||
| 526 |
_a0 _b0 _c0 _d624_182100000000000_AME |
||
| 526 |
_a0 _b0 _c0 _d624_182100000000000_AME |
||
| 526 |
_a0 _b0 _c0 _d624_182100000000000_AME |
||
| 526 |
_a0 _b0 _c0 _d624_182100000000000_AME |
||
| 526 |
_a0 _b0 _c0 _d624_182100000000000_AME |
||
| 526 |
_a0 _b0 _c0 _d624_182100000000000_AME |
||
| 526 |
_a0 _b0 _c0 _d624_182100000000000_AME |
||
| 526 |
_a0 _b0 _c0 _d624_182100000000000_AME |
||
| 526 |
_a0 _b0 _c0 _d624_182100000000000_AME |
||
| 526 |
_a0 _b0 _c0 _d624_182100000000000_AME |
||
| 526 |
_a0 _b0 _c0 _d624_182100000000000_AME |
||
| 526 |
_a0 _b0 _c0 _d624_182100000000000_AME |
||
| 526 |
_a0 _b0 _c0 _d624_182100000000000_AME |
||
| 526 |
_a0 _b0 _c0 _d624_182100000000000_AME |
||
| 526 |
_a0 _b0 _c0 _d624_182100000000000_AME |
||
| 526 |
_a0 _b0 _c0 _d624_182100000000000_AME |
||
| 526 |
_a0 _b0 _c0 _d624_182100000000000_AME |
||
| 526 |
_a0 _b0 _c0 _d624_182100000000000_AME |
||
| 526 |
_a0 _b0 _c0 _d624_182100000000000_AME |
||
| 526 |
_a0 _b0 _c0 _d624_182100000000000_AME |
||
| 526 |
_a0 _b0 _c0 _d624_182100000000000_AME |
||
| 526 |
_a0 _b0 _c0 _d624_182100000000000_AME |
||
| 526 |
_a0 _b0 _c0 _d624_182100000000000_AME |
||
| 526 |
_a0 _b0 _c0 _d624_182100000000000_AME |
||
| 526 |
_a0 _b0 _c0 _d624_182100000000000_AME |
||
| 526 |
_a0 _b0 _c0 _d624_182100000000000_AME |
||
| 526 |
_a0 _b0 _c0 _d624_182100000000000_AME |
||
| 526 |
_a0 _b0 _c0 _d624_182100000000000_AME |
||
| 526 |
_a0 _b0 _c0 _d624_182100000000000_AME |
||
| 526 |
_a0 _b0 _c0 _d624_182100000000000_AME |
||
| 526 |
_a0 _b0 _c0 _d624_182100000000000_AME |
||
| 526 |
_a0 _b0 _c0 _d624_182100000000000_AME |
||
| 526 |
_a0 _b0 _c0 _d624_182100000000000_AME |
||
| 526 |
_a0 _b0 _c0 _d624_182100000000000_AME |
||
| 526 |
_a0 _b0 _c0 _d624_182100000000000_AME |
||
| 526 |
_a0 _b0 _c0 _d624_182100000000000_AME |
||
| 526 |
_a0 _b0 _c0 _d624_182100000000000_AME |
||
| 526 |
_a0 _b0 _c0 _d624_182100000000000_AME |
||
| 526 |
_a0 _b0 _c0 _d624_182100000000000_AME |
||
| 526 |
_a0 _b0 _c0 _d624_182100000000000_AME |
||
| 526 |
_a0 _b0 _c0 _d624_182100000000000_AME |
||
| 526 |
_a0 _b0 _c0 _d624_182100000000000_AME |
||
| 526 |
_a0 _b0 _c0 _d624_182100000000000_AME |
||
| 526 |
_a0 _b0 _c0 _d624_182100000000000_AME |
||
| 526 |
_a0 _b0 _c0 _d624_182100000000000_AME |
||
| 526 |
_a0 _b0 _c0 _d624_182100000000000_AME |
||
| 526 |
_a0 _b0 _c0 _d624_182100000000000_AME |
||
| 526 |
_a0 _b0 _c0 _d624_182100000000000_AME |
||
| 526 |
_a0 _b0 _c0 _d624_182100000000000_AME |
||
| 526 |
_a0 _b0 _c0 _d624_182100000000000_AME |
||
| 526 |
_a0 _b0 _c0 _d624_182100000000000_AME |
||
| 650 | 0 |
_aBuilding, Iron and steel _xTables. _937597 |
|
| 650 | 0 |
_aSteel, Structural _xSpecifications _zUnited States. _920075 |
|
| 650 | 0 |
_aSteel, Structural _xTables. _937598 |
|
| 710 | 2 |
_aAmerican Institute of Steel Construction. _920072 |
|
| 942 |
_2ddc _cBK |
||
| 999 |
_c542432 _d542432 |
||